| 000 | 00547nam a22001817a 4500 | ||
|---|---|---|---|
| 005 | 20251108175424.0 | ||
| 008 | 250721s2015 xx 000 0 ara d | ||
| 082 | 1 | 4 | _a938.22/ريب |
| 100 | 1 | _aسيرجيو، ريبكيني | |
| 245 | 1 | 0 | _aأدونيس المظاهر الشرقية لأسطورة إغريقية / |
| 264 | 1 |
_aراس الخيمة : _bدار نون، _c2015. |
|
| 300 | _a192 ص. | ||
| 650 | 1 | 7 | _aالأديان |
| 650 | 1 | 7 | _aعلم الأساطير |
| 700 | 1 | _aأحمد، طارق | |
| 942 |
_2ddc _cBK |
||
| 999 |
_c133745 _d133745 |
||